| 000 | 01086nam a22002057a 4500 | ||
|---|---|---|---|
| 999 |
_c22690 _d22690 |
||
| 003 | OSt | ||
| 005 | 20230808150720.0 | ||
| 008 | 230808b ||||| |||| 00| 0 eng d | ||
| 020 | _a978-9972-2967-1-0 | ||
| 040 |
_aMunicipalidad Provincial del Cusco _bspa _cBiblioteca Municipal del Cusco |
||
| 082 |
_a291 / _bV21 |
||
| 100 |
_912606 _aValencia Espinoza, Abraham |
||
| 245 |
_aCuzco religioso / _cAbraham Valencia Espinoza |
||
| 300 |
_a748 páginas ; _bfotos ; diagrama ; _c22.5 cm. |
||
| 505 | _aTaytacha Temblores Patrón Jurado del Cusco -- Religiosidad popular cuzqueña El Niño Compadrito -- Santuario de Saqsaywaman -- La Wak'a de Suyu Deidad andina en plena función -- El Dios Wiraqocha y Raqchi -- Aspectos religiosos de Ollantaytambo -- La danza Qanchi Expresión ritual Inka -- Legendario beaterio de Coporaque -- La coca en las batallas rituales de Chiaraqhe -- Las batallas de Rumitaqe Movimientos campesinos de 1921 en Canas. | ||
| 650 | 0 |
_944127 _aReligiosidad andina |
|
| 650 | 0 |
_945862 _aAntropología cusqueña |
|
| 942 |
_2ddc _cLIBROS |
||
| 945 |
_avcp _d2023-08-08 |
||